LDR 01156naa#a2200205#i#450# 001 RU\\bibl\117362 005 20260430113553.4 011 ## _a1994-4683 100 ## _a20260429b2026####ek#y0rusy0150####ca 102 ## _aRU 200 1# _aОценка эффективности программ вовлечения молодежи в спорт _eЖурнальная статья 210 1# _aМосква _cНациональный государственный Университет физической культуры, спорта и здоровья им. П.Ф. Лесгафта _d2026 215 ## _a6 с. 608 ## _aЖурнальная статья _2local 675 ## _aГосударственное и общественное содействие развитию физкультуры и спорта. 796.078 _z 686 ## _aОбщие вопросы физической культуры и спорта. 77.01 _2grnti 700 #1 _aБондаренко _gМайя Павловна 700 #1 _aЧерепанин _gФедор Андреевич 700 #1 _aБондаренко _gВасилиса Алексеевна 856 4# _auchzapiski.lesgaft.spb.ru _u